Estudio de necesidades de equipo y soporte técnico para la comunicación de datos en el sector público costarricense.
שמור ב:
| מחבר ראשי: | |
|---|---|
| פורמט: | ספר |
| יצא לאור: |
San José, Costa Rica
1990
|
| נושאים: | |
| תגים: |
הוספת תג
אין תגיות, היה/י הראשונ/ה לתייג את הרשומה!
|
MARC
| LEADER | 00000nam a2200000Ia 4500 | ||
|---|---|---|---|
| 003 | 004922 | ||
| 005 | 20221231144334.0 | ||
| 008 | 140114s1990 cr a m 000 ||s d | ||
| 040 | |c cru CEDI | ||
| 090 | |a TFG 2312 | ||
| 100 | |a Mejías Ugalde, Ronald |9 13099 | ||
| 245 | |a Estudio de necesidades de equipo y soporte técnico para la comunicación de datos en el sector público costarricense. | ||
| 260 | |c 1990 |a San José, Costa Rica | ||
| 300 | |a xv, 79 hojas : ilustraciones ; 28 cm | ||
| 500 | |a Proyecto de graduación (bachillerato en ingeniería eléctrica)-- Universidad de Costa Rica. Facultad de Ingenieria. Escuela de Ingeniería Eléctrica | ||
| 650 | |x SISTEMAS DE INFORMACION |x SISTEMAS DE TRANSMISION DE DATOS |9 13100 | ||
| 942 | |c TFG | ||
| 999 | |c 20397 |d 20397 | ||
